Nadwiślańskie dzielnice Warszawy - Statystyki

Ogólne statystyki
  • Ten quiz został rozwiązany 23 razy
  • Średni wynik to 8 z 9
Statystyki odpowiedzi
Ludność (2024) Dzielnica % Poprawnych
59632 Praga-Północ
100%
185810 Praga-Południe
100%
97983 Śródmieście
100%
58625 Żoliborz
87%
131420 Bielany
78%
226519 Mokotów
78%
52472 Wilanów
78%
158749 Białołęka
74%
88512 Wawer
74%
Nie znaleziono quizów pasujących do podanych kryteriów
Rozkład punktacji
Procent ludzi z każdym wynikiem
Percentyl według liczby udzielonych odpowiedzi
Twoja historia wyników
Nie rozwiązałeś tego quizu